ბათუმის შოთა რუსთაველის სახელმწიფო უნივერსიტეტის ბიბლიოთეკა

წაგებული თამაში, წინდაუხედავი კაცი (ბიბ.ჩანაწერი № 42583)

000 -LEADER
fixed length control field 00994nam a2200229Ia 4500
001 - CONTROL NUMBER
control field 9285
003 - CONTROL NUMBER IDENTIFIER
control field GE_BSU
008 - FIXED-LENGTH DATA ELEMENTS--GENERAL INFORMATION
fixed length control field 181216s||||||||xx |||||||||||||| ||und||
040 ## - CATALOGING SOURCE
Transcribing agency GE_BSU
080 ## - UNIVERSAL DECIMAL CLASSIFICATION NUMBER
Universal Decimal Classification number 821.353.1–32
100 ## - MAIN ENTRY--PERSONAL NAME
Personal name გრიგოლია,მიხეილ
245 ## - TITLE STATEMENT
Title წაგებული თამაში, წინდაუხედავი კაცი
245 ## - TITLE STATEMENT
Remainder of title დოკუმ. მოთხრობები
245 ## - TITLE STATEMENT
Statement of responsibility, etc. ლიტ. დაამუშავეს. ც. ნიკოლაიშვილმა და გ. ნატროშვილმ.რედ. ე.თვარაძე,მხატვ. გ. გიგაურია
260 ## - PUBLICATION, DISTRIBUTION, ETC.
Place of publication, distribution, etc. თბილისი
260 ## - PUBLICATION, DISTRIBUTION, ETC.
Name of publisher, distributor, etc. ნაკადული
260 ## - PUBLICATION, DISTRIBUTION, ETC.
Date of publication, distribution, etc. 1967
300 ## - PHYSICAL DESCRIPTION
Extent 160გვ.19სმ.
653 ## - INDEX TERM--UNCONTROLLED
Uncontrolled term დოკუმ. მოთხრობები
653 ## - INDEX TERM--UNCONTROLLED
Uncontrolled term წაგებული თამაში, წინდაუხედავი კაცი
942 ## - ADDED ENTRY ELEMENTS (KOHA)
Koha item type წიგნი
ეგზემპლარები
Withdrawn status Lost status Damaged status Not for loan Date acquired Barcode Date last seen Price effective from Koha item type
        2018-12-17 32175 2018-12-17 2018-12-17 წიგნი